<?xml version="1.0" encoding="UTF-8"?>
<record
    xmlns:xsi="http://www.w3.org/2001/XMLSchema-instance"
    xsi:schemaLocation="http://www.loc.gov/MARC21/slim http://www.loc.gov/standards/marcxml/schema/MARC21slim.xsd"
    xmlns="http://www.loc.gov/MARC21/slim">

  <leader>01540nam a2200265 a 4500</leader>
  <controlfield tag="001">BRCA_7287</controlfield>
  <controlfield tag="005">20190320205800.0</controlfield>
  <controlfield tag="008">850430m19311951sp-a#####b---#001-0#spa-d</controlfield>
  <datafield tag="041" ind1=" " ind2=" ">
    <subfield code="a">spa</subfield>
  </datafield>
  <datafield tag="044" ind1=" " ind2=" ">
    <subfield code="a">sp</subfield>
  </datafield>
  <datafield tag="050" ind1=" " ind2="4">
    <subfield code="a">N5300</subfield>
    <subfield code="b">.C67 8 1931</subfield>
  </datafield>
  <datafield tag="100" ind1="1" ind2=" ">
    <subfield code="a">Coss&#xED;o</subfield>
    <subfield code="d">1857-1935</subfield>
    <subfield code="q">Manuel Pedro Bartolom&#xE9; Coss&#xED;o</subfield>
    <subfield code="9">18030</subfield>
  </datafield>
  <datafield tag="245" ind1="1" ind2="0">
    <subfield code="a">Summa Artis</subfield>
    <subfield code="b">historia general del arte</subfield>
    <subfield code="c">Coss&#xED;o-Pijo&#xE1;n.</subfield>
  </datafield>
  <datafield tag="260" ind1=" " ind2=" ">
    <subfield code="a">Espa&#xF1;a</subfield>
    <subfield code="b">Espasa-Calpe</subfield>
    <subfield code="c">1931-1951</subfield>
  </datafield>
  <datafield tag="300" ind1=" " ind2=" ">
    <subfield code="a">14 v.</subfield>
    <subfield code="b">il. (algunas a color)</subfield>
    <subfield code="c">27 cm.</subfield>
  </datafield>
  <datafield tag="500" ind1=" " ind2=" ">
    <subfield code="a">Enciclopedia inventariada por Banco de M&#xE9;xico como libro</subfield>
  </datafield>
  <datafield tag="500" ind1=" " ind2=" ">
    <subfield code="a">Ver tambi&#xE9;n AA121, AA122, AA123, D136, D137, D138 y D142</subfield>
  </datafield>
  <datafield tag="500" ind1=" " ind2=" ">
    <subfield code="a">N28</subfield>
  </datafield>
  <datafield tag="504" ind1=" " ind2=" ">
    <subfield code="a">Incluye referencias bibliogr&#xE1;ficas e &#xED;ndice</subfield>
  </datafield>
  <datafield tag="505" ind1="0" ind2=" ">
    <subfield code="a">Contenido: v.1. Arte de los pueblos abor&#xED;genes, J.P. -- v.2. Arte del Asia occidental, J.P. -- v.3. El arte egipcio: hasta la conquista romana, J.P. -- v.4. El arte griego, J.P. -- v.5. El arte romano: hasta la muerte de Diocleciano, J.P. -- v.6. El arte prehist&#xF3;rico europeo, J.P. -- v.7. Arte cristiano primitivo. Arte bizantino, J.P. -- v.8. Arte b&#xE1;rbaro y prerrom&#xE1;nico, J.P. -- v.9. El arte rom&#xE1;nico: siglos XI y XII. -- v.10. Arte precolombiano, mexicano y maya. -- v.11. Arte g&#xF3;tico de la Europa occidental. Siglos XIII, XIV y XV. -- v.12. Arte isl&#xE1;mico. -- v.13. Arte del periodo human&#xED;stico trecento y cuatrocento. -- v.14. Renacimiento romano y veneciano: siglo XVI</subfield>
  </datafield>
  <datafield tag="650" ind1="1" ind2="4">
    <subfield code="a">Arte</subfield>
    <subfield code="x">Historia</subfield>
    <subfield code="9">18031</subfield>
  </datafield>
  <datafield tag="700" ind1="1" ind2=" ">
    <subfield code="a">Pijo&#xE1;n, Jos&#xE9;</subfield>
    <subfield code="d">1880-1963</subfield>
    <subfield code="9">18032</subfield>
  </datafield>
  <datafield tag="902" ind1=" " ind2=" ">
    <subfield code="a">GFM</subfield>
  </datafield>
  <datafield tag="942" ind1=" " ind2=" ">
    <subfield code="2">lcc</subfield>
    <subfield code="c">B</subfield>
  </datafield>
  <datafield tag="999" ind1=" " ind2=" ">
    <subfield code="c">6965</subfield>
    <subfield code="d">6965</subfield>
  </datafield>
  <datafield tag="952" ind1=" " ind2=" ">
    <subfield code="0">0</subfield>
    <subfield code="1">0</subfield>
    <subfield code="4">0</subfield>
    <subfield code="7">0</subfield>
    <subfield code="a">BRCA</subfield>
    <subfield code="b">BRCA</subfield>
    <subfield code="d">2012-03-20</subfield>
    <subfield code="i">N28</subfield>
    <subfield code="l">0</subfield>
    <subfield code="o">N5300 .C67 8 1931 (N28)</subfield>
    <subfield code="p">7870</subfield>
    <subfield code="r">2019-03-22 00:00:00</subfield>
    <subfield code="w">2019-03-22</subfield>
    <subfield code="y">B</subfield>
  </datafield>
</record>
